Traité des ponts / Par J. Chaix et E. Chambert
Descripción Física:
v. ; 28 cm
Otros Autores:
Chambert, E
MARC
| LEADER | 00000nam a2200000Ia 4500 | ||
|---|---|---|---|
| 001 | 19501, 19502 | ||
| 008 | 160829s9999 xx 000 0 cat d | ||
| 080 | |a C-3-11, C-3-12 | ||
| 100 | |a Chaix, J. |9 38863 | ||
| 245 | |a Traité des ponts / Par J. Chaix et E. Chambert | ||
| 260 | |a Paris : |b H. Chairgrasse Fils, [19-- ?] | ||
| 300 | |a v. ; |c 28 cm | ||
| 490 | |a Enciclopédie theorique et pratique des connaisances civiles et militaires. Partie civile | ||
| 590 | |a Conté: v. 1, 2: Ponts en maçonnerie et tunnels. | ||
| 590 | |a A la part superior de la portada: Cours de construction, huitième partie | ||
| 650 | 0 | |a Ponts |x Disseny i construcció |9 38864 | |
| 650 | |a Enginyeria civil |9 38865 | ||
| 700 | |a Chambert, E |9 38866 | ||
| 901 | |a Arxiu | ||
| 942 | |n 1 | ||
| 952 | |0 0 |1 0 |4 0 |6 C311_C312 |7 1 |9 48654 |a Arxiu |b Arxiu |d 2016-12-01 |l 0 |o C-3-11, C-3-12 |p 19501, 19502 |r 2016-12-01 00:00:00 |w 2016-12-01 |y ARXIU | ||
| 999 | |c 52484 |d 52484 | ||